| 000 | 00917nam0a22002291i 4500 | ||
|---|---|---|---|
| 001 | rc\4594423 | ||
| 005 | 20240726002716.0 | ||
| 021 |
_aRU _b[63-18844] |
||
| 035 | _a(NLR Aleph) 008385483 | ||
| 090 |
_a9144343 _c9144343 |
||
| 100 | _a20130416d1963 |||y0rusy50 ca | ||
| 101 | 0 | _arus | |
| 102 | _aRU | ||
| 105 | _ay d ||||| | ||
| 200 | 1 |
_aНекоторые вопросы ценообразования в социалистической промышленности _e(На основе материалов Эст. ССР) _eАвтореферат дис. на соискание учен. степени кандидата экон. наук _fТартуский гос. ун-т |
|
| 210 |
_aТарту _d1963 |
||
| 215 |
_a20 с. _d22 |
||
| 700 | 1 |
_aМетса _bХ.А. _gХерберт Адальбертович |
|
| 801 | 0 |
_aRU _bNLR _gpsbo |
|
| 801 | 1 |
_aRU _bELAR _2rusmarc |
|
| 852 |
_aNLR _j63-6/4964 |
||
| 942 | _cBOOK | ||